| 000 | 00844nam a2200205 a 4500 | ||
|---|---|---|---|
| 008 | 120416s1989 ||||||||||||||||| || u | ||
| 020 | _a0070841896 | ||
| 050 | _aHD 62.4 Hib | ||
| 100 | _aHibbert, Edgar P | ||
| 245 | 1 | 0 | _aMarketing strategy in international business |
| 260 |
_aLondon _bMcGraw-Hill _c1989 |
||
| 300 | _axi, 255p. : ill | ||
| 350 | _a0.00 | ||
| 500 | _aIncludes bibliographies and index. | ||
| 650 | 0 | _aEXPORT MARKETING | |
| 650 | _aINTERNATIONAL BUSINESS ENTERPRISES--MANAGEMENT | ||
| 650 | 0 | _aBUSINESS | |
| 995 |
_aANNEX COLLECTION (Main Library) _D0.00 _e722207 _FCBU-MAIN LIBRARY (Kitwe) _H1 _I13.95 _jHD 62.4 Hib _M1 _UAVAILABLE _y003124 _ZAnnex Low-Usage Collection |
||
| 995 |
_aMAIN LIBRARY OPEN ACCESS _D0.00 _e722208 _FCBU-MAIN LIBRARY (Kitwe) _H2 _I13.95 _jHD 62.4 Hib _M2 _ULOST _y722208 _ZMain Library Open Access Collection |
||
| 999 |
_c82688 _d82688 |
||